000 00648nam a2200229Ia 4500
003 OSt
005 20221007065050.0
006 a|||||r|||| 00| 0
007 ta
008 221006b |||||||| |||| 00| 0 eng d
024 _a22,356
037 _cTextual
040 _aFLL
_cFLL
_beng
041 _2eng
_aeng
082 _aV2:8-2:N5, K6.4
100 _aRao B. Shiva
245 0 _aFraming of India's constitution select documents
260 _aDelhi
_bThe Indian Institute of Public Administration India
_c1968
300 _axi,960p
_ccm.
942 _hV2:8-2:N5, K6.4
_cTEXL
_2CC
999 _c1136188
_d1136188